=LDR 00000nam 2200000 4500 =001 INLIS000000000013807 =005 20130612105136 =008 ***********************************Ind** =035 ##$$0010-061300000013807 =041 ##$$a Ind =082 ##$$a 420 =090 ##$$a 420, Riy g =100 ##$$a Riyanto, Slamet =245 ##$$a Gateway english through stories my unforgetable experience in Bali, Slamet Riyanto =260 ##$$a 2003 $b Yogyakarta =300 ##$$a 69 hlm, Ilus, 21 cm =650 ##$$a Bahasa Inggris =850 ##$$a NBPNMAT =990 ##$$a 0001/BPAP-NTB/20142015 =990 ##$$a 0001/BPAP-NTB/20142015